Sports Quiz

Random Sports or Baseball Quiz
Score 0/57 Timer 06:00
3 Plays Today
Event Team % Correct
World Series ChampionsNew York Yankees
96.2%
World Series ChampionsNew York Yankees
96.2%
World Series ChampionsNew York Yankees
96.2%
World Series ChampionsNew York Yankees
96.2%
World Series ChampionsNew York Yankees
96.2%
Most Olympic MedalsUnited States of America
86.4%
Most Olympic MedalsUnited States of America
86.4%
World Series ChampionsNew York Giants
84.1%
NFL ChampionsNew York Giants
84.1%
NFL ChampionsNew York Giants
84.1%
NFL ChampionsGreen Bay Packers
82.5%
NFL ChampionsGreen Bay Packers
82.5%
NFL ChampionsGreen Bay Packers
82.5%
NFL ChampionsGreen Bay Packers
82.5%
Stanley Cup ChampionsMontreal Canadiens
82.2%
Stanley Cup ChampionsMontreal Canadiens
82.2%
Most Olympic MedalsGermany
82.1%
NCAA DI Basketball ChampionsStanford Indians
79.8%
Stanley Cup ChampionsDetroit Red Wings
79.6%
Stanley Cup ChampionsDetroit Red Wings
79.6%
Stanley Cup ChampionsToronto Maple Leafs
79.6%
Stanley Cup ChampionsBoston Bruins
79.4%
NCAA DI Football ChampionsMichigan Wolverines
78.8%
NFL ChampionsChicago Bears
78.3%
NFL ChampionsChicago Bears
78.3%
NCAA DI Football ChampionsNotre Dame Fighting Irish
77.5%
Stanley Cup ChampionsNew York Rangers
77%
Stanley Cup ChampionsChicago Black Hawks
76.5%
Stanley Cup ChampionsChicago Black Hawks
76.5%
Event Team % Correct
World Cup ChampionsItaly
76%
World Cup ChampionsItaly
76%
World Series ChampionsSt. Louis Cardinals
74%
World Series ChampionsSt. Louis Cardinals
74%
NCAA DI Football ChampionsSMU Mustangs
70.6%
NCAA DI Football ChampionsMichigan Wolverines
68.7%
NCAA DI Football ChampionsAlabama Crimson Tide
66.8%
NCAA DI Basketball ChampionsNotre Dame Fighting Irish
66.5%
NFL ChampionsDetroit Lions
60.3%
World Cup ChampionsUruguay
60.3%
World Series ChampionsDetroit Tigers
59.4%
NCAA DI Football ChampionsUSC Trojans
56.9%
Most Olympic MedalsNorway
55.5%
World Series ChampionsPhiladelphia Athletics
54.7%
NFL ChampionsWashington
54.3%
NCAA DI Basketball ChampionsKentucky Wildcats
51.7%
NCAA DI Football ChampionsMinnesota Golden Gophers
36.6%
NCAA DI Basketball ChampionsOregon Ducks
35.4%
NCAA DI Basketball ChampionsWyoming Cowboys
29.1%
Stanley Cup ChampionsMontreal Maroons
26.9%
NCAA DI Football ChampionsPittsburgh Panthers
26.3%
NCAA DI Basketball ChampionsPittsburgh Panthers
26.3%
NCAA DI Football ChampionsTexas A&M Aggies
22.2%
NCAA DI Basketball ChampionsPurdue Boilermakers
20.6%
NCAA DI Basketball ChampionsNYU Violets
20.1%
NCAA DI Football ChampionsTCU Horned Frogs
15.8%
NCAA DI Basketball ChampionsNorthwestern Wildcats
14.3%
NCAA DI Basketball ChampionsTemple Owls
10%
Come Together.
Have Fun.
All Virtual.
We all need to come together. Play Sporcle's virtual live trivia to have fun, connect with people, and get your trivia on. Join a live hosted trivia game for your favorite pub trivia experience done virtually. If a virtual private party is more your thing, go here for details.

You're not logged in!

Compare scores with friends on all Sporcle quizzes.
OR
Log In

Sporcle TV

Today on Sporcle TV


Watch our educational content, quiz creation guides, and fun videos on Sporcle TV.

Show Comments

Extras

Top Quizzes Today


Score Distribution

Paid Content

Your Account Isn't Verified!

In order to create a playlist on Sporcle, you need to verify the email address you used during registration. Go to your Sporcle Settings to finish the process.

Report this User

Report this user for behavior that violates our Community Guidelines.

Details: